Quizzes
Events
Quiz Creation
Community
Videos
Private Events
Remove Ads
Sign In
Join for FREE
Feedback
Dark Mode
Quiz Categories
Sports
Geography
Music
Movies
Television
Just For Fun
Miscellaneous
History
Literature
Language
Science
Gaming
Entertainment
Religion
Holiday
For Kids
Quiz Lab
Recent
Popular Today
Quiz Kudos Today
Editor Picks
Curator Picks
Quizzes by...
Day
Popularity
Type
Ratings
Length
Year
Community
Subscriptions
Recent Discussions
Orange Saloon
Badges
Playlists
Quests
Create
Leaderboards
Showdown
Live 5
Trivia Bingo
Activity
Puzzle Library
Sporcle Events
Private Events
Virtual Trivia
Globe League
Become a Host
Pub Owners
SporcleCon
Opinionation
Our Games
Videos
Blog
Mobile Apps
Partnerships
Remove Ads and Go Orange
Feedback
Sports
Athletes
MLB
NBA
NHL
NFL
Soccer
Sports Teams
WWE
NCAA
Football
Premier League
Basketball
Baseball
Hockey
Golf
Tennis
Cricket
Rugby
Auto Racing
Olympics
World Cup
Sports
Athletes
MLB
NBA
NHL
NFL
Soccer
Sports Teams
WWE
NCAA
Football
Premier League
Basketball
Baseball
Hockey
Golf
Tennis
Cricket
Rugby
Auto Racing
Olympics
World Cup
Random Quiz
Search Sporcle
×
Quiz Lab
Quiz Lab
Sports
Truck Series
Type in answers that appear in a list
Type in answers that appear in a list
Classic
Best Score? Go Orange.
2005 Nascar Truck Series Drivers Stats
Can you name the 2005 Nascar Truck Series Drivers?
By
FHgrad99
20m
93 Questions
89 Plays
89 Plays
89 Plays
Comments
Comments
Give Quiz Kudos
Give Quiz Kudos
-
- Ratings
hide this ad
Replay
Link that replays current quiz
Next Quiz
Link to next quiz in quiz playlist
You Got
0%
They Got
Avg Score
56%
Avg Friend Score
Upgrade to see
Score Distribution
Jump to the score distribution portion of the page
Score
0/93
Timer
20:00
0
Plays Today
Numbers Used
Driver
% Correct
04
Bobby Hamilton
97.8%
66, 30
Todd Bodine
93.3%
88
Matt Crafton
91%
92, 47
Kevin Harvick
88.8%
24
Wayne Edwards
87.6%
2
Jimmy Spencer
86.5%
1
Ted Musgrave
86.5%
29
Brad Keselowski
86.5%
62, 67
Steve Park
86.5%
15
Kyle Busch
86.5%
99
Ricky Craven
85.4%
22
Bill Lester
85.4%
16, 60
Jack Sprague
83.1%
5
Mike Skinner
83.1%
77
Brendan Gaughan
83.1%
47, 16
Bobby Labonte
83.1%
19, 65, 06
Regan Smith
82%
17
David Reutimann
80.9%
14
Rick Crawford
80.9%
75
David Starr
79.8%
10
Terry Cook
79.8%
30, 60, 13
Chad Chaffin
79.8%
47
Tony Stewart
79.8%
12
Mike Wallace
79.8%
46
Dennis Setzer
78.7%
33
Mark Martin
77.5%
59
Robert Pressley
76.4%
15, 43, 13
Johnny Sauter
76.4%
12
Darrell Waltrip
75.3%
06
Mike Bliss
74.2%
15
Shane Hmiel
73%
Numbers Used
Driver
% Correct
15
Kerry Earnhardt
69.7%
12
Robert Huffman
68.5%
38
Brandon Whitt
67.4%
02
Kelly Sutton
66.3%
8
Deborah Renshaw
66.3%
50
Todd Kluever
66.3%
52, 11
Ken Schrader
66.3%
4
Timothy Peters
66.3%
6
Ron Hornaday Jr.
62.9%
18
Chase Montgomery
62.9%
07, 08
Butch Miller
62.9%
12
Joey Miller
62.9%
9
Shigeaki Hattori
59.6%
23
Johnny Benson Jr.
58.4%
13
Tracy Hines
58.4%
14
Boris Said
58.4%
4
Casey Atwood
55.1%
07
Kevin Hamlin
55.1%
08
Jarit Johnson
55.1%
15
Martin Truex Jr.
49.4%
15
John Andretti
47.2%
47
Aric Almirola
47.2%
40
Andy Houston
47.2%
65
Tim Fedewa
46.1%
47, 08
Willie Allen
46.1%
33
Bobby East
46.1%
4, 05
Erin Crocker
46.1%
08
Ken Weaver
44.9%
08, 07
Rich Bickle
44.9%
63
Justin Allgaier
44.9%
62
Scott Lynch
44.9%
Numbers Used
Driver
% Correct
08
Kevin Lepage
42.7%
91
J.C. Stout
39.3%
21
Mike Harmon
38.2%
9
Justin Hobgood
37.1%
44, 65
Clay Rogers
36%
65
Brad Rogers
36%
15
David Gilliland
36%
08
Johnny Chapman
33.7%
07, 08
Chris Wimmer
33.7%
15
Blake Feese
33.7%
65
T.J. Bell
33.7%
24, 82, 35
Robert Richardson
33.7%
92
Burney Lamar
32.6%
07
Sean Murphy
31.5%
31
Nick Tucker
31.5%
4
Chris Fontaine
31.5%
06
Jimmy Kite
30.3%
08, 70
Tam Topham
29.2%
08
Mark McFarland
29.2%
07
Eric Norris
28.1%
61
Alex Yontz
27%
24
Casey Kingsland
25.8%
4
John Mickel
24.7%
24
Blake Mallory
23.6%
24
Robbie Ferguson
23.6%
4
Garrett Liberty
23.6%
24
Roland Isaacs
22.5%
07, 08
Jack Bailey
22.5%
08, 07
Jose Luis Ramirez
22.5%
08
Bill Manfull
21.3%
07
Chase Pistone
15.7%
Quiz Playlist
Details
Report
Send in Message
Add To Playlist
Classic:
Type in answers that appear in a list
Quiz Source
Last Updated: Feb 16, 2017
Quiz Scoreboard
CHALLENGE
Sign Up to Join the Scoreboard
Show All
Scores
Hide
Comments
May contain spoilers
Recently Published
One Thing in Common: World Cities II
by knightlancer
Geography
7m
Popular People in 1961
by mucciniale
History
6m
1-10 Letter E Words III
by El_Dandy
Language
2m
More to Explore
Quiz From the Vault
Featured Blog Post
Where Did the Easter Bunny Come From?
hide this ad
You Might Also Like...
Tags
2005
Driver
NASCAR
truck
Truck Series
Today's Top Quizzes in Sports
Browse Sports
hide this ad
Top Contributed Quizzes in Sports
1
2022 World Cup Stars
2
Les entraîneurs de l'OM et du PSG au 21e siècle
3
FIFA Club World Cup Champions
4
Criteria MLB: Left Handed Sluggers
5
Les meilleurs buteurs des matchs entre le PSG et l’OM
6
Name the Premier League winners with different clubs
7
Players with Multiple 50 Home Run Seasons
8
MLB Players with Two .350 Batting Average Seasons
9
La finale Lions - Afrique du Sud 2021
10
MLB Hall of Famer by Rings
Explore More
Trending Topics
Kpop
Disney
Harry Potter
NBA
Crossword
Anime
Marvel
Soccer
WWE
Pokémon
NFL
The Office
Puzzle
Country
Song
hide this ad
More By:
FHgrad99
Quiz
Plays
Rating
Category
Featured
Created
1995 Nascar Truck Series Drivers
120
Sports
Dec 15, 2010
2005 Nascar Truck Series Drivers
89
Sports
Jan 26, 2012
1996 Nascar Truck Series Drivers
88
5.00
Sports
Dec 15, 2010
2006 Nascar Truck Series Drivers
85
3.00
Sports
Feb 2, 2012
2001 Nascar Truck Series Drivers
77
Sports
Jan 6, 2011
Go to Creator's Profile
Score Distribution
Quiz Creator Spotlight
FHgrad99
Follow
Send a Message
Quizzes Created
-
Created Quiz Play Count
-
More By This Creator
Popular Quizzes Today
1
Find the US States - No Outlines Minefield
2
The Countries of the World
3
Popular People in 1961
4
Find the Countries of Europe - No Outlines Minefield
5
1-10 Letter E Words III
6
Find the US States
7
One Thing in Common: World Cities II
8
US States
More Sports Quizzes
Top Ten NHL Stats: Canada
Quiz Lab
Trending Quizzes
Country Music Stars Doing Things
Get the Picture: Carrie or Dolly
1-10 Letter F Words
1-10 Letter G Words
Risky Map Clicking: Next State Alphabetically
Recently Updated
Leaping Animals
pecheneg
Reality TV Shows (A-Z)
bhenderson79
Rickey Henderson's Hall of Fame Teammates
pecheneg
Champions League XIs: Arsenal
pecheneg
Quick Pick: Celebrities in WWE's Hall of Fame
aduchscher
A-Z Keypad Blitz II
pecheneg
Multiple Oscar Actors
pecheneg
Mystery Phrase Blitz: Oscar 'Best Actors'
pecheneg
F. Scott Fitzgerald Novels
LTH
Pick 3 Villains
ddd62291
Trending Topics
Kpop
Marvel
NBA
Disney
Crossword
Anime
Harry Potter
Pokémon
Song
Puzzle
WWE
Country
NFL
The Office
Soccer
Your Account Isn't Verified!
In order to create a playlist on Sporcle, you need to verify the email address you used during registration. Go to your
Sporcle Settings
to finish the process.
Report this User
Report this user for behavior that violates our
Community Guidelines
.
Details:
Send Report
Go to the Sporcle.com Mobile Site →
Comments